[Event "14. Obert Int. Sant Marti 2012"]
[Site "Barcelona ESP"]
[Date "2012.07.13"]
[Round "1.44"]
[White "Porta Tovar, Oriol"]
[Black "Avila Gimenez, Xavier"]
[Result "1-0"]
[WhiteElo "1900"]
[BlackElo "2307"]
[PlyCount "57"]
[EventDate "2012.07.13"]
[EventType "swiss"]
[EventRounds "9"]
[EventCountry "ESP"]
[SourceTitle "Ajedrez en Madrid"]
[Source "lmi"]
[SourceDate "2012.07.13"]
[SourceVersion "1"]
[SourceVersionDate "2019.06.21"]
[SourceQuality "1"]

1. e4 d5 2. exd5 Qxd5 3. Nc3 Qd6 4. d4 Nf6 5. Nf3 Bg4 6. h3 Bh5 7. Be3 a6 8. g4
Bg6 9. Ne5 e6 10. Bg2 Nd5 11. O-O Be7 12. Nxd5 exd5 13. Bf4 Qd8 14. Nxg6 hxg6
15. c4 Nd7 16. Bxd5 Rxh3 17. Kg2 Rh4 18. Bg3 Rh6 19. Qf3 f6 20. Bxb7 Ra7 21. b3
Kf8 22. c5 Kg8 23. Qd5+ Kh8 24. Bc6 Nb8 25. Qxd8+ Bxd8 26. Ba4 f5 27. Rfe1 Bh4
28. Re8+ Kh7 29. Rxb8 1-0

[Event "14. Obert Int. Sant Marti 2012"]
[Site "Barcelona ESP"]
[Date "2012.07.13"]
[Round "1.45"]
[White "Mamedjarova, Zeinab"]
[Black "Garcia Acosta, Roger"]
[Result "1-0"]
[WhiteElo "2307"]
[BlackElo "1894"]
[PlyCount "47"]
[EventDate "2012.07.13"]
[EventType "swiss"]
[EventRounds "9"]
[EventCountry "ESP"]
[SourceTitle "Ajedrez en Madrid"]
[Source "lmi"]
[SourceDate "2012.07.13"]
[SourceVersion "1"]
[SourceVersionDate "2019.06.21"]
[SourceQuality "1"]

1. d4 d5 2. Nf3 Nf6 3. e3 e6 4. Bd3 Be7 5. Nbd2 b6 6. Ne5 Bb7 7. Qf3 Nbd7 8.
Bb5 O-O 9. Nc6 Qe8 10. Nxe7+ Qxe7 11. O-O e5 12. b3 Rfe8 13. dxe5 Nxe5 14. Qg3
c6 15. Be2 c5 16. Bb2 Rad8 17. Rfe1 Nc6 18. Nf3 d4 19. exd4 cxd4 20. Bc4 Qd6
21. Ng5 Ne5 22. Rxe5 Qxe5 23. Qxe5 Rxe5 24. Nxf7 1-0

[Event "14. Obert Int. Sant Marti 2012"]
[Site "Barcelona ESP"]
[Date "2012.07.13"]
[Round "1.46"]
[White "Quero Ortega, Juan"]
[Black "Anurag, Mhamal"]
[Result "0-1"]
[WhiteElo "1877"]
[BlackElo "2301"]
[PlyCount "92"]
[EventDate "2012.07.13"]
[EventType "swiss"]
[EventRounds "9"]
[EventCountry "ESP"]
[SourceTitle "Ajedrez en Madrid"]
[Source "lmi"]
[SourceDate "2012.07.13"]
[SourceVersion "1"]
[SourceVersionDate "2019.06.21"]
[SourceQuality "1"]

1. e4 c5 2. Nf3 e6 3. Nc3 a6 4. Be2 b5 5. a3 Bb7 6. d3 d6 7. O-O Nc6 8. h3 Nf6
9. Bg5 Be7 10. Re1 Qc7 11. Rc1 O-O 12. Bf1 Rad8 13. Rb1 d5 14. e5 Nd7 15. Bxe7
Nxe7 16. d4 Nc6 17. dxc5 Nxc5 18. Qe2 d4 19. Na2 f6 20. Nb4 Nxb4 21. axb4 d3
22. cxd3 Nxd3 23. Red1 Bxf3 24. Qxf3 Nxe5 25. Qb3 Qb6 26. Rbc1 Kf7 27. Rc5 Rxd1
28. Qxd1 Rd8 29. Qc1 Qd6 30. Rc7+ Rd7 31. Rxd7+ Nxd7 32. Qc3 Nb6 33. Qc5 Qxc5
34. bxc5 Na4 35. b4 Ke7 36. Bd3 f5 37. g4 g6 38. gxf5 gxf5 39. Kg2 Nc3 40. Kg3
Nd5 41. Kh4 Nxb4 42. Be2 Kf6 43. Bf3 Nd5 44. Bxd5 exd5 45. c6 Ke6 46. Kg5 b4
0-1

[Event "14. Obert Int. Sant Marti 2012"]
[Site "Barcelona ESP"]
[Date "2012.07.13"]
[Round "1.47"]
[White "Ryan, Joseph"]
[Black "Olive Oller, Guim"]
[Result "1-0"]
[WhiteElo "2300"]
[BlackElo "1850"]
[PlyCount "43"]
[EventDate "2012.07.13"]
[EventType "swiss"]
[EventRounds "9"]
[EventCountry "ESP"]
[SourceTitle "Ajedrez en Madrid"]
[Source "lmi"]
[SourceDate "2012.07.13"]
[SourceVersion "1"]
[SourceVersionDate "2019.06.21"]
[SourceQuality "1"]

1. Nf3 d5 2. g3 c5 3. Bg2 Nc6 4. d4 cxd4 5. Nxd4 e5 6. Nxc6 bxc6 7. O-O Bc5 8.
c4 Bb7 9. Qc2 Qe7 10. Nc3 Rc8 11. Qa4 d4 12. Ne4 Bb6 13. Bd2 Kd8 14. c5 Bc7 15.
Qxa7 Rb8 16. Nd6 Bxd6 17. cxd6 Qxd6 18. Bb4 Qxb4 19. Qxb8+ Kd7 20. Bh3+ Ke7 21.
Qxe5+ Kf8 22. Qb8+ 1-0

[Event "14. Obert Int. Sant Marti 2012"]
[Site "Barcelona ESP"]
[Date "2012.07.13"]
[Round "1.48"]
[White "Porta Tovar, Guillem"]
[Black "Napoli, Nicolo'"]
[Result "0-1"]
[WhiteElo "1846"]
[BlackElo "2298"]
[PlyCount "92"]
[EventDate "2012.07.13"]
[EventType "swiss"]
[EventRounds "9"]
[EventCountry "ESP"]
[SourceTitle "Ajedrez en Madrid"]
[Source "lmi"]
[SourceDate "2012.07.13"]
[SourceVersion "1"]
[SourceVersionDate "2019.06.21"]
[SourceQuality "1"]

1. e4 c6 2. d4 d5 3. Nc3 b5 4. Bd3 g6 5. Nf3 Bg7 6. exd5 b4 7. Ne4 cxd5 8. Nc5
Nf6 9. Bd2 Qb6 10. c3 O-O 11. O-O Nc6 12. a3 bxc3 13. bxc3 Bg4 14. h3 Bxf3 15.
Qxf3 e5 16. Rab1 Qc7 17. Rb7 Qd6 18. Qg3 Nh5 19. Qh2 Rad8 20. g4 Nf4 21. Bxf4
exf4 22. Bb5 Bxd4 23. Nd3 Bxc3 24. Qxf4 Nd4 25. Qxd6 Rxd6 26. Rb1 Rf6 27. Rxa7
Rf3 28. Ba6 Rxh3 29. Kg2 Rh4 30. Kg3 g5 31. Re7 h5 32. f3 hxg4 33. fxg4 Nc6 34.
Re2 Ba5 35. Rb7 Nd8 36. Rd7 Ne6 37. Re5 Rh6 38. Rexd5 Bc7+ 39. Kg2 Ra8 40. Bc4
Rh2+ 41. Kf3 Rh3+ 42. Ke2 Bf4 43. Rf5 Rc8 44. Bxe6 Rc2+ 45. Kd1 Rd2+ 46. Kc1
Rh1+ 0-1

[Event "14. Obert Int. Sant Marti 2012"]
[Site "Barcelona ESP"]
[Date "2012.07.13"]
[Round "1.49"]
[White "Espinoza Palomino, Willyam"]
[Black "Escobar Figueroa, Sandra"]
[Result "1-0"]
[WhiteElo "2296"]
[BlackElo "1842"]
[PlyCount "101"]
[EventDate "2012.07.13"]
[EventType "swiss"]
[EventRounds "9"]
[EventCountry "ESP"]
[SourceTitle "Ajedrez en Madrid"]
[Source "lmi"]
[SourceDate "2012.07.13"]
[SourceVersion "1"]
[SourceVersionDate "2019.06.21"]
[SourceQuality "1"]

1. e4 e5 2. Nf3 Nc6 3. Bb5 Nf6 4. d3 d6 5. c3 h6 6. Nbd2 Be7 7. O-O O-O 8. Re1
a6 9. Ba4 b5 10. Bb3 Bb7 11. a3 Nd7 12. Nf1 Bf6 13. Ng3 Ne7 14. Ba2 Nb6 15. b4
Rc8 16. Be3 Na4 17. Rc1 c6 18. Bb3 Nb6 19. Bxb6 Qxb6 20. Nh5 Ng6 21. Nxf6+ gxf6
22. h4 Kh7 23. g3 d5 24. h5 Ne7 25. Nh4 Rg8 26. Kf1 Rcf8 27. Qf3 Bc8 28. Qxf6
Bh3+ 29. Ke2 Nc8 30. Nf5 Bg4+ 31. Kf1 Bh3+ 32. Kg1 Bxf5 33. Qxf5+ Kh8 34. Qxe5+
f6 35. Qf4 Rxg3+ 36. Kf1 Rg5 37. exd5 Rxh5 38. Re6 Qd8 39. d6 Qd7 40. Rce1 Qg7
41. Qf3 Re5 42. R1xe5 fxe5 43. Qh3 Kh7 44. Bc2 Nxd6 45. Rxd6 Rxf2+ 46. Kxf2
Qf8+ 47. Ke3 Qxd6 48. d4+ Kh8 49. Qc8+ Kg7 50. Qg4+ Kh8 51. Qe4 1-0

[Event "14. Obert Int. Sant Marti 2012"]
[Site "Barcelona ESP"]
[Date "2012.07.13"]
[Round "1.50"]
[White "Roig Ruiz, Carles"]
[Black "Zsinka, Laszlo"]
[Result "0-1"]
[WhiteElo "1832"]
[BlackElo "2291"]
[PlyCount "38"]
[EventDate "2012.07.13"]
[EventType "swiss"]
[EventRounds "9"]
[EventCountry "ESP"]
[SourceTitle "Ajedrez en Madrid"]
[Source "lmi"]
[SourceDate "2012.07.13"]
[SourceVersion "1"]
[SourceVersionDate "2019.06.21"]
[SourceQuality "1"]

1. d4 Nf6 2. c4 e6 3. Nc3 Bb4 4. Nf3 b6 5. Bg5 h6 6. Bh4 Bb7 7. e3 c5 8. Bd3
cxd4 9. exd4 Bxf3 10. Qxf3 Nc6 11. O-O-O Nxd4 12. Qf4 Bxc3 13. bxc3 Nc6 14. Qd6
Qe7 15. Bg3 Nh5 16. Be4 Nxg3 17. hxg3 Rc8 18. Qf4 Na5 19. Rd4 e5 0-1

[Event "14. Obert Int. Sant Marti 2012"]
[Site "Barcelona ESP"]
[Date "2012.07.13"]
[Round "1.51"]
[White "Krishna, C R G.."]
[Black "Nadal Fajardo, Ricard"]
[Result "1-0"]
[WhiteElo "2273"]
[BlackElo "1707"]
[PlyCount "57"]
[EventDate "2012.07.13"]
[EventType "swiss"]
[EventRounds "9"]
[EventCountry "ESP"]
[SourceTitle "Ajedrez en Madrid"]
[Source "lmi"]
[SourceDate "2012.07.13"]
[SourceVersion "1"]
[SourceVersionDate "2019.06.21"]
[SourceQuality "1"]

1. d4 Nf6 2. Nf3 g6 3. Nc3 d5 4. Bf4 c6 5. e3 Bg7 6. Be2 O-O 7. h4 Nh5 8. Be5
f5 9. Nd2 Nf6 10. h5 e6 11. hxg6 hxg6 12. Bd3 Kf7 13. Qf3 Rh8 14. O-O-O Nbd7
15. Bd6 b5 16. Rh3 Bb7 17. Rg1 Ng4 18. Qe2 Nb6 19. Bc5 Nc4 20. Bxc4 bxc4 21.
Rgh1 Qc7 22. Nf3 Kf6 23. Qf1 Ba6 24. Rxh8 Bxh8 25. g3 Bg7 26. Rh7 g5 27. Ne5
Rb8 28. Qh3 Qb7 29. Qh5 1-0

[Event "14. Obert Int. Sant Marti 2012"]
[Site "Barcelona ESP"]
[Date "2012.07.13"]
[Round "1.52"]
[White "Cano Sevila, Ivan"]
[Black "Uribe Arteaga, Daniel"]
[Result "0-1"]
[WhiteElo "1521"]
[BlackElo "2272"]
[PlyCount "82"]
[EventDate "2012.07.13"]
[EventType "swiss"]
[EventRounds "9"]
[EventCountry "ESP"]
[SourceTitle "Ajedrez en Madrid"]
[Source "lmi"]
[SourceDate "2012.07.13"]
[SourceVersion "1"]
[SourceVersionDate "2019.06.21"]
[SourceQuality "1"]

1. e4 g6 2. d4 Bg7 3. Nf3 c6 4. Be2 d6 5. O-O Nf6 6. Nc3 O-O 7. Be3 Nbd7 8. Qd2
b5 9. a3 e5 10. dxe5 dxe5 11. Rfd1 Qc7 12. Qd6 Qb7 13. Nxe5 Ne8 14. Qxc6 Nxe5
15. Qxb7 Bxb7 16. Bc5 Nf6 17. Bxf8 Bxf8 18. Bxb5 Bc5 19. h3 Nxe4 20. Nxe4 Bxe4
21. Re1 f5 22. Rad1 Rb8 23. Bd3 Nxd3 24. cxd3 Bd5 25. Re5 Bb3 26. Rde1 Bf8 27.
Re8 Rb7 28. Rd8 Bf7 29. b4 Rc7 30. d4 Rc3 31. Rd1 Bb3 32. Rd2 Kf7 33. Rd7+ Ke6
34. Rxh7 Rc1+ 35. Kh2 Bd6+ 36. g3 Bd5 37. Re2+ Kf6 38. f3 Bxf3 39. Rg2 f4 40.
g4 Bd5 41. g5+ Kf5 0-1

[Event "14. Obert Int. Sant Marti 2012"]
[Site "Barcelona ESP"]
[Date "2012.07.14"]
[Round "2.1"]
[White "Quesada Perez, Yuniesky"]
[Black "Palit, Somak"]
[Result "1-0"]
[WhiteElo "2626"]
[BlackElo "2393"]
[PlyCount "55"]
[EventDate "2012.07.13"]
[EventType "swiss"]
[EventRounds "9"]
[EventCountry "ESP"]
[SourceTitle "Ajedrez en Madrid"]
[Source "lmi"]
[SourceDate "2012.07.13"]
[SourceVersion "1"]
[SourceVersionDate "2019.06.21"]
[SourceQuality "1"]

1. e4 e5 2. Nf3 Nc6 3. Bb5 f5 4. Nc3 fxe4 5. Nxe4 Nf6 6. Nxf6+ gxf6 7. d4 e4 8.
Ng5 Bb4+ 9. c3 O-O 10. Nxe4 Qe7 11. Qe2 f5 12. Ng3 f4 13. Qxe7 Bxe7 14. Ne2 Bd6
15. g3 f3 16. Nf4 Ne7 17. Be3 b6 18. O-O-O a6 19. Ba4 Kh8 20. Rhe1 b5 21. Bb3
Bb7 22. Nd3 Nd5 23. Bh6 Rf6 24. Bd2 a5 25. Nc5 Bxc5 26. dxc5 a4 27. Bxd5 Bxd5
28. c4 1-0

[Event "14. Obert Int. Sant Marti 2012"]
[Site "Barcelona ESP"]
[Date "2012.07.14"]
[Round "2.2"]
[White "Mosquera, Miguel"]
[Black "Cordova, Emilio"]
[Result "1/2-1/2"]
[WhiteElo "2395"]
[BlackElo "2584"]
[PlyCount "51"]
[EventDate "2012.07.13"]
[EventType "swiss"]
[EventRounds "9"]
[EventCountry "ESP"]
[SourceTitle "Ajedrez en Madrid"]
[Source "lmi"]
[SourceDate "2012.07.13"]
[SourceVersion "1"]
[SourceVersionDate "2019.06.21"]
[SourceQuality "1"]

1. e4 c5 2. Nf3 Nc6 3. d4 cxd4 4. Nxd4 g6 5. c4 Bg7 6. Be3 Nf6 7. Nc3 O-O 8.
Be2 b6 9. O-O Bb7 10. f3 Rc8 11. Rc1 d6 12. Qd2 Qd7 13. Rfd1 Nxd4 14. Bxd4 Nh5
15. Bxg7 Nxg7 16. f4 Qe6 17. Re1 f5 18. Bd3 Qf6 19. exf5 gxf5 20. Bf1 Rfe8 21.
b4 e5 22. Nb5 Red8 23. Nxa7 Ra8 24. Nb5 exf4 25. Nc7 Ra3 26. Nd5 1/2-1/2

[Event "14. Obert Int. Sant Marti 2012"]
[Site "Barcelona ESP"]
[Date "2012.07.14"]
[Round "2.3"]
[White "Beltran Rueda, Santiago"]
[Black "Ortiz Suarez, Isan Reynaldo"]
[Result "1/2-1/2"]
[WhiteElo "2383"]
[BlackElo "2562"]
[PlyCount "63"]
[EventDate "2012.07.13"]
[EventType "swiss"]
[EventRounds "9"]
[EventCountry "ESP"]
[SourceTitle "Ajedrez en Madrid"]
[Source "lmi"]
[SourceDate "2012.07.13"]
[SourceVersion "1"]
[SourceVersionDate "2019.06.21"]
[SourceQuality "1"]

1. Nf3 Nf6 2. c4 c6 3. Nc3 d5 4. e3 g6 5. d4 Bg7 6. Be2 O-O 7. O-O dxc4 8. Bxc4
Bg4 9. h3 Bxf3 10. Qxf3 Nbd7 11. Rd1 Qa5 12. e4 e5 13. d5 Nb6 14. Bb3 cxd5 15.
exd5 Qb4 16. Bg5 e4 17. Qe2 Rfe8 18. Nb5 Rad8 19. Rd4 Qa5 20. Rc1 Nbxd5 21.
Rcd1 a6 22. Bxf6 Bxf6 23. Rxd5 axb5 24. Rd7 Rxd7 25. Rxd7 Re7 26. Rxe7 Bxe7 27.
Qxe4 Qc7 28. g3 Bf6 29. Qe8+ Kg7 30. Qxb5 Bxb2 31. Kg2 Bd4 32. Qc4 1/2-1/2

[Event "14. Obert Int. Sant Marti 2012"]
[Site "Barcelona ESP"]
[Date "2012.07.14"]
[Round "2.4"]
[White "Barsov, Alexei"]
[Black "Sanchez Ibern, Marc"]
[Result "1-0"]
[WhiteElo "2539"]
[BlackElo "2364"]
[PlyCount "103"]
[EventDate "2012.07.13"]
[EventType "swiss"]
[EventRounds "9"]
[EventCountry "ESP"]
[SourceTitle "Ajedrez en Madrid"]
[Source "lmi"]
[SourceDate "2012.07.13"]
[SourceVersion "1"]
[SourceVersionDate "2019.06.21"]
[SourceQuality "1"]

1. d4 Nf6 2. Nf3 g6 3. c4 Bg7 4. g3 O-O 5. Bg2 d5 6. cxd5 Nxd5 7. O-O Nb6 8.
Nc3 Nc6 9. d5 Na5 10. Qc2 Nxd5 11. Rd1 c6 12. Ne1 Bd7 13. Nxd5 cxd5 14. Rxd5 e6
15. Rd3 Rc8 16. Qd1 Rc7 17. Bf4 e5 18. Rc1 Nc6 19. Bxc6 bxc6 20. Be3 Qc8 21.
Rd2 f5 22. Bc5 Re8 23. Bd6 Rb7 24. Nd3 e4 25. Nc5 e3 26. fxe3 Be6 27. Nxb7 Qxb7
28. Qa4 Rc8 29. Bc5 Bd5 30. Qxa7 Qxa7 31. Bxa7 Ra8 32. Bc5 Rxa2 33. Ba3 Kf7 34.
Kf2 Be5 35. Rb1 Ke6 36. Rdd1 Be4 37. Ra1 Rxb2 38. Bxb2 Bxb2 39. Ra7 h5 40. Rd8
Bf6 41. Re8+ Kd5 42. Rd7+ Kc5 43. Re6 Bb2 44. Rb7 Bc3 45. Rxg6 Kc4 46. Rh6 c5
47. Rc7 Bb4 48. Rxh5 Kb3 49. g4 c4 50. Rxf5 c3 51. Rf4 c2 52. Rxe4 1-0

[Event "14. Obert Int. Sant Marti 2012"]
[Site "Barcelona ESP"]
[Date "2012.07.14"]
[Round "2.5"]
[White "Mammadova, Gulnar"]
[Black "Moskalenko, Viktor"]
[Result "0-1"]
[WhiteElo "2341"]
[BlackElo "2591"]
[PlyCount "108"]
[EventDate "2012.07.13"]
[EventType "swiss"]
[EventRounds "9"]
[EventCountry "ESP"]
[SourceTitle "Ajedrez en Madrid"]
[Source "lmi"]
[SourceDate "2012.07.13"]
[SourceVersion "1"]
[SourceVersionDate "2019.06.21"]
[SourceQuality "1"]

1. e4 d6 2. d4 Nf6 3. Nc3 g6 4. f3 c6 5. a4 Nbd7 6. Bd3 Bg7 7. Nge2 O-O 8. Be3
e5 9. O-O Re8 10. Qd2 Qc7 11. Rad1 a6 12. dxe5 dxe5 13. g4 Nf8 14. b4 b5 15. a5
Ne6 16. Ng3 Qe7 17. Rb1 Bb7 18. Nce2 c5 19. c4 Red8 20. Qc2 Rac8 21. Qb3 Nf4
22. Nxf4 exf4 23. Bxf4 cxb4 24. Be2 Bf8 25. cxb5 Rc3 26. Qb2 axb5 27. Rfd1 Qc5+
28. Kf1 Rxd1+ 29. Rxd1 h5 30. g5 Nh7 31. h4 Bc8 32. Kg2 Rc2 33. Qb1 Be6 34. Rd3
b3 35. Rxb3 Bxb3 36. Qxb3 Qc4 37. Qxc4 bxc4 38. Be3 Ra2 39. f4 c3 40. Kf3 c2
41. Bd3 Bc5 42. Ne2 Rxa5 43. Bxc5 Rxc5 44. Nc1 Nf8 45. Ke3 Rc7 46. f5 Nd7 47.
fxg6 fxg6 48. Kd4 Kf7 49. e5 Nf8 50. Kd5 Rd7+ 51. Ke4 Ne6 52. Bxc2 Rd4+ 53. Ke3
Rc4 54. Kd3 Rxh4 0-1

[Event "14. Obert Int. Sant Marti 2012"]
[Site "Barcelona ESP"]
[Date "2012.07.14"]
[Round "2.6"]
[White "Cuartas, Jaime Alexander"]
[Black "Mestre Bellido, Hector"]
[Result "1-0"]
[WhiteElo "2523"]
[BlackElo "2339"]
[PlyCount "57"]
[EventDate "2012.07.13"]
[EventType "swiss"]
[EventRounds "9"]
[EventCountry "ESP"]
[SourceTitle "Ajedrez en Madrid"]
[Source "lmi"]
[SourceDate "2012.07.13"]
[SourceVersion "1"]
[SourceVersionDate "2019.06.21"]
[SourceQuality "1"]

1. e4 e5 2. Nf3 d6 3. d4 Nf6 4. Nc3 Nbd7 5. g3 g6 6. Bg2 Bg7 7. O-O O-O 8. h3
Re8 9. Re1 c6 10. a4 Qc7 11. Be3 b6 12. Qd2 Bb7 13. Bh6 Nf8 14. Bxg7 Kxg7 15.
b3 a6 16. Nh4 Ne6 17. Ne2 exd4 18. Nxd4 c5 19. Ndf5+ gxf5 20. exf5 Rad8 21.
fxe6 fxe6 22. Qg5+ Kf7 23. Re3 Rf8 24. Rae1 Rde8 25. Bxb7 Qxb7 26. Rf3 Ke7 27.
Rxf6 Rxf6 28. Nf5+ Kd7 29. Qg7+ 1-0

[Event "14. Obert Int. Sant Marti 2012"]
[Site "Barcelona ESP"]
[Date "2012.07.14"]
[Round "2.7"]
[White "Rodriguez, Eric"]
[Black "Gonzalez Garcia, Jose"]
[Result "0-1"]
[WhiteElo "2327"]
[BlackElo "2518"]
[PlyCount "98"]
[EventDate "2012.07.13"]
[EventType "swiss"]
[EventRounds "9"]
[EventCountry "ESP"]
[SourceTitle "Ajedrez en Madrid"]
[Source "lmi"]
[SourceDate "2012.07.13"]
[SourceVersion "1"]
[SourceVersionDate "2019.06.21"]
[SourceQuality "1"]

1. e4 c5 2. Nf3 e6 3. d3 Nc6 4. g3 g6 5. Bg5 Be7 6. Bxe7 Ngxe7 7. Bg2 e5 8. O-O
O-O 9. c3 d6 10. d4 exd4 11. h3 f5 12. exf5 Nxf5 13. g4 Nh4 14. Nxh4 Qxh4 15.
Nd2 Be6 16. Nf3 Qf6 17. Nd2 Qf4 18. Ne4 Bc4 19. Re1 d5 20. Nd2 Qxf2+ 21. Kh1
Rae8 22. Nxc4 Rxe1+ 23. Qxe1 Qxe1+ 24. Rxe1 dxc4 25. Bd5+ Kg7 26. Kg2 Rd8 27.
Bxc4 d3 28. Kf2 d2 29. Rd1 Ne5 30. Be2 Kf6 31. Ke3 Kg5 32. Ke4 Nf7 33. Bd3 Kh4
34. b3 Ng5+ 35. Ke3 Kxh3 36. Rxd2 Kg3 37. Rd1 Re8+ 38. Kd2 Nf3+ 39. Kc1 Kxg4
40. b4 cxb4 41. cxb4 Re1 42. Rxe1 Nxe1 43. Be4 b6 44. Kd2 Kf4 45. Bh1 Nf3+ 46.
Kd3 g5 47. Kc4 g4 48. Kb5 h5 49. Ka6 h4 0-1

[Event "14. Obert Int. Sant Marti 2012"]
[Site "Barcelona ESP"]
[Date "2012.07.14"]
[Round "2.8"]
[White "Perez Mitjans, Orelvis"]
[Black "Konguvel, Ponnuswamy"]
[Result "1-0"]
[WhiteElo "2504"]
[BlackElo "2319"]
[PlyCount "91"]
[EventDate "2012.07.13"]
[EventType "swiss"]
[EventRounds "9"]
[EventCountry "ESP"]
[SourceTitle "Ajedrez en Madrid"]
[Source "lmi"]
[SourceDate "2012.07.13"]
[SourceVersion "1"]
[SourceVersionDate "2019.06.21"]
[SourceQuality "1"]

1. e4 c5 2. Nf3 d6 3. Bb5+ Bd7 4. Bxd7+ Qxd7 5. O-O Nf6 6. e5 dxe5 7. Nxe5 Qc8
8. Qf3 e6 9. b3 Be7 10. Bb2 O-O 11. Nc3 Nfd7 12. Nc4 Nc6 13. Ne4 Qc7 14. a4
Rad8 15. Rfe1 Nd4 16. Bxd4 cxd4 17. Ng3 Bb4 18. Re4 Nf6 19. Rh4 Rd5 20. Ne2
Rfd8 21. Nc1 d3 22. Nxd3 Bxd2 23. Qe2 Bc3 24. Rf1 a6 25. f4 Rd4 26. g4 Nd5 27.
g5 Rxc4 28. bxc4 Ne3 29. Qh5 Nxf1 30. Kxf1 Qb6 31. Qxh7+ Kf8 32. Qe4 Rd4 33.
Qf3 Qb1+ 34. Kg2 Qxc2+ 35. Nf2 Rd7 36. f5 exf5 37. Rh8+ Ke7 38. Qe3+ Kd6 39.
Qb6+ Ke7 40. Qc5+ Rd6 41. Qc7+ Rd7 42. Qb8 f6 43. g6 Ke6 44. Re8+ Re7 45. Qc8+
Kd6 46. Qd8+ 1-0

[Event "14. Obert Int. Sant Marti 2012"]
[Site "Barcelona ESP"]
[Date "2012.07.14"]
[Round "2.9"]
[White "Munoz Pantoja, Miguel"]
[Black "Mamedjarova, Zeinab"]
[Result "1-0"]
[WhiteElo "2496"]
[BlackElo "2307"]
[PlyCount "45"]
[EventDate "2012.07.13"]
[EventType "swiss"]
[EventRounds "9"]
[EventCountry "ESP"]
[SourceTitle "Ajedrez en Madrid"]
[Source "lmi"]
[SourceDate "2012.07.13"]
[SourceVersion "1"]
[SourceVersionDate "2019.06.21"]
[SourceQuality "1"]

1. e4 e5 2. Nf3 Nf6 3. Nxe5 d6 4. Nf3 Nxe4 5. d4 Be7 6. Bd3 d5 7. O-O Nc6 8. c4
Nb4 9. cxd5 Nxd3 10. Qxd3 Qxd5 11. Re1 Bf5 12. Nc3 Nxc3 13. Qxc3 Qc6 14. Qxc6+
bxc6 15. Bf4 Be6 16. Rac1 Bd5 17. Ne5 Bb4 18. Re2 O-O-O 19. Nxc6 Bxc6 20. Rxc6
Rxd4 21. Rxc7+ Kd8 22. g3 Rxf4 23. Rec2 1-0

[Event "14. Obert Int. Sant Marti 2012"]
[Site "Barcelona ESP"]
[Date "2012.07.14"]
[Round "2.10"]
[White "Anurag, Mhamal"]
[Black "Escobar Forero, Alder"]
[Result "1/2-1/2"]
[WhiteElo "2301"]
[BlackElo "2487"]
[PlyCount "75"]
[EventDate "2012.07.13"]
[EventType "swiss"]
[EventRounds "9"]
[EventCountry "ESP"]
[SourceTitle "Ajedrez en Madrid"]
[Source "lmi"]
[SourceDate "2012.07.13"]
[SourceVersion "1"]
[SourceVersionDate "2019.06.21"]
[SourceQuality "1"]

1. d4 d5 2. Nc3 Nf6 3. Bg5 Nbd7 4. Qd3 e6 5. e4 dxe4 6. Nxe4 Be7 7. Nxf6+ Bxf6
8. Bxf6 Qxf6 9. Nf3 O-O 10. Qe3 Rd8 11. Bd3 c5 12. O-O-O cxd4 13. Qxd4 Qxd4 14.
Nxd4 Nc5 15. Be2 Bd7 16. Bf3 Rac8 17. Rhe1 Be8 18. Re3 Rc7 19. Rc3 b6 20. b4
Na6 21. Rxc7 Nxc7 22. c4 Kf8 23. Rd2 Ke7 24. Nb3 Rxd2 25. Kxd2 e5 26. Ke3 f5
27. g3 g5 28. Bb7 Bf7 29. Kd3 b5 30. c5 Bc4+ 31. Kd2 h5 32. Na5 Bxa2 33. Nc6+
Ke6 34. Nxa7 Bd5 35. Bc8+ Kf6 36. Bd7 Bc4 37. Nc8 Be6 38. Bxe6 1/2-1/2

[Event "14. Obert Int. Sant Marti 2012"]
[Site "Barcelona ESP"]
[Date "2012.07.14"]
[Round "2.11"]
[White "Asis Gargatagli, Hipolito"]
[Black "Ryan, Joseph"]
[Result "1-0"]
[WhiteElo "2482"]
[BlackElo "2300"]
[PlyCount "71"]
[EventDate "2012.07.13"]
[EventType "swiss"]
[EventRounds "9"]
[EventCountry "ESP"]
[SourceTitle "Ajedrez en Madrid"]
[Source "lmi"]
[SourceDate "2012.07.13"]
[SourceVersion "1"]
[SourceVersionDate "2019.06.21"]
[SourceQuality "1"]

1. e4 g6 2. d4 Bg7 3. Nc3 c6 4. Be3 d5 5. f3 dxe4 6. fxe4 e5 7. dxe5 Qxd1+ 8.
Rxd1 Be6 9. Nf3 Nd7 10. Ng5 Nxe5 11. Nxe6 fxe6 12. Be2 Nf6 13. Rd6 Ke7 14. Rd2
Nfd7 15. O-O b6 16. a4 h5 17. Bg5+ Bf6 18. Rxd7+ Nxd7 19. Rxf6 Nxf6 20. e5 Kf7
21. Bxf6 Rhg8 22. Ne4 Ke8 23. Kf2 Kd7 24. Ke3 a6 25. a5 Rab8 26. axb6 Rxb6 27.
Nc5+ Ke8 28. b3 Kf7 29. Nxe6 Kxe6 30. Bc4+ Kf5 31. Bxg8 Rb4 32. Bc4 a5 33. Kd4
a4 34. Be7 Rb7 35. Bd6 axb3 36. cxb3 1-0

[Event "14. Obert Int. Sant Marti 2012"]
[Site "Barcelona ESP"]
[Date "2012.07.14"]
[Round "2.12"]
[White "Napoli, Nicolo'"]
[Black "Deepan, Chakkravarthy J"]
[Result "0-1"]
[WhiteElo "2298"]
[BlackElo "2468"]
[PlyCount "56"]
[EventDate "2012.07.13"]
[EventType "swiss"]
[EventRounds "9"]
[EventCountry "ESP"]
[SourceTitle "Ajedrez en Madrid"]
[Source "lmi"]
[SourceDate "2012.07.13"]
[SourceVersion "1"]
[SourceVersionDate "2019.06.21"]
[SourceQuality "1"]

1. d4 d5 2. Nc3 Nf6 3. Bg5 c6 4. Qd3 h6 5. Bh4 Nbd7 6. f3 e5 7. dxe5 Nxe5 8.
Qe3 Nfg4 9. Qxe5+ Nxe5 10. Bxd8 Kxd8 11. O-O-O Kc7 12. e4 dxe4 13. Nxe4 f5 14.
Nd2 Bc5 15. Nc4 Nf7 16. a4 Be6 17. Nh3 Ng5 18. Bd3 Rhe8 19. Rhe1 Rad8 20. Kb1
f4 21. b3 a6 22. Nb2 Bc8 23. Bg6 Rxd1+ 24. Rxd1 Re2 25. Bf7 Rxg2 26. b4 Be3 27.
Nc4 Bxh3 28. Re1 Rg1 0-1